| 000 | 00495nam a2200181Ia 4500 | ||
|---|---|---|---|
| 005 | 20250326125456.0 | ||
| 008 | 250326s9999 xx 000 0 und d | ||
| 037 | _aTextbook | ||
| 040 |
_aFMSL _beng _cFMSL |
||
| 041 |
_aeng _2eng |
||
| 084 |
_aY:438 L0 _qFMSL |
||
| 100 |
_aMegargee E I _985922 |
||
| 245 | 0 |
_aDynamics of aggression _cMegargee E I; Horanson J E |
|
| 260 |
_aNY _bNY, Harper & Row _c1970 |
||
| 300 | _a271p | ||
| 942 |
_cTB _hY:438 L0 |
||
| 999 |
_c1278233 _d1278233 |
||